Moduli i koľca = Moduln und Ringe
Guardado en:
| Autor principal: | |
|---|---|
| Formato: | Libro |
| Lenguaje: | ruso |
| Publicado: |
Moskva :
Mir,
1981
|
| Etiquetas: |
Sin Etiquetas, Sea el primero en etiquetar este registro!
|
MARC
| LEADER | 00000nam a22000003a 4500 | ||
|---|---|---|---|
| 001 | stu93066 | ||
| 005 | 20150617225617.6 | ||
| 008 | 050302s1981------------------------rus-d | ||
| 040 | |a STU |b slo | ||
| 041 | 0 | |a rus | |
| 080 | |a 519.4 | ||
| 100 | 1 | |a Kasch, Friedrich |4 aut | |
| 245 | 1 | |a Moduli i koľca = Moduln und Ringe | |
| 260 | |a Moskva : |b Mir, |c 1981 | ||
| 300 | |a 368 s | ||
| 500 | |a prel. z nemeckého orig. | ||
| 996 | |b E49036 |c E*49036 |l EE03 |s P |a 0 |w stu93066_0002 | ||